00783nam a2200217Ia 4500008004100000020002200041040001800063041000800081060001100089100003300100245013000133260006900263300001800332490004500350504004200395650002300437650003800460650002800498650001500526700002400541130821s2011 cl gr spa  a978 958 670 942 2 aCo-BoUCMbspa00aspa aWJ 1001 aGarcía P., Herney Andrés10aUrología en pocas palabras un enfoque práctico para el médico generalcHernery Andrés García P., Jorge Carbonell G aSantiago de Chile (Chile)bEditorial Universidad del Vallec2011 a201 páginas 0aColección ciencias naturales y exactas aIncluye referencias bibliográficas. aAparato urogenital aEnfermedades del aparato urinario aRiñonesxEnfermedades aUrología1 aCarbonell G., Jorge